| 000 | nam a22 a 4500 | ||
|---|---|---|---|
| 999 |
_c1889 _d1889 |
||
| 003 | AKMAL | ||
| 005 | 20170512114040.0 | ||
| 008 | 170512s2000 my | g | 001 | eng d | ||
| 020 |
_a9839088564 (hbk.) : _cRM185.00 |
||
| 039 | 9 |
_a200601061551 _bnormila _c200601061547 _dnormila _c200504281005 _dsuzani |
|
| 040 |
_aAKMAL _cAKMAL |
||
| 082 | 0 | 4 |
_a345.5950233 CHE _222 |
| 090 | 2 | 0 |
_a345.5950233 _bCHE |
| 100 | 0 |
_aChew, Peng Hui _93923 |
|
| 245 | 1 | 0 |
_aCustoms offences / _cby Chew Peng Hui |
| 250 | _a3rd. ed. | ||
| 260 |
_aKuala Lumpur : _bSweet & Maxwell Asia, _c2000 |
||
| 300 |
_axlv, 426p. ; _c23cm. |
||
| 500 | _aIncludes index | ||
| 650 | 0 |
_aCustoms administration _xLaw and legislation _zMalaysia _xCriminal provisions _93924 |
|
| 650 | 0 |
_aSmuggling _zMalaysia _93925 |
|
| 942 |
_2ddc _cBOOK |
||